| 000 -LEADER |
| fixed length control field |
00803nam a22002297a 4500 |
| 005 - DATE AND TIME OF LATEST TRANSACTION |
| control field |
20240205084926.0 |
| 008 - FIXED-LENGTH DATA ELEMENTS--GENERAL INFORMATION |
| fixed length control field |
240205b ||||| |||| 00| 0 eng d |
| 020 ## - INTERNATIONAL STANDARD BOOK NUMBER |
| International Standard Book Number |
9781407157344 |
| 040 ## - CATALOGING SOURCE |
| Transcribing agency |
KH8 |
| 082 ## - DEWEY DECIMAL CLASSIFICATION NUMBER |
| Classification number |
FIC STI |
| 100 ## - MAIN ENTRY--PERSONAL NAME |
| Personal name |
Stine, R. L. |
| Relator term |
Author |
| 245 ## - TITLE STATEMENT |
| Title |
Please don't feed the vampire / |
| Statement of responsibility, etc. |
R. L. Stine |
| 260 ## - PUBLICATION, DISTRIBUTION, ETC. |
| Place of publication, distribution, etc. |
London, |
| Name of publisher, distributor, etc. |
Scholastic, |
| Date of publication, distribution, etc. |
2016 |
| 300 ## - PHYSICAL DESCRIPTION |
| Extent |
137 pages ; |
| Dimensions |
20 cm. |
| 440 ## - SERIES STATEMENT/ADDED ENTRY--TITLE |
| Title |
Give yourself Goosebumps, |
| Volume/sequential designation |
15 |
| 500 ## - GENERAL NOTE |
| General note |
Originally published in the US by Scholastic Inc, 1997<br/>Series information from www.fantasticfiction.com |
| 520 ## - SUMMARY, ETC. |
| Summary, etc. |
Your cute little poodle has become a vampire dog after sinking her teeth into something called "Vampire in a Can." |
| 650 ## - SUBJECT ADDED ENTRY--TOPICAL TERM |
| Topical term or geographic name entry element |
Children's stories |
| 650 ## - SUBJECT ADDED ENTRY--TOPICAL TERM |
| Topical term or geographic name entry element |
Dogs |
| 650 ## - SUBJECT ADDED ENTRY--TOPICAL TERM |
| Topical term or geographic name entry element |
Horror fiction |
| 942 ## - ADDED ENTRY ELEMENTS (KOHA) |
| Source of classification or shelving scheme |
|
| Koha item type |
Books - Fiction |